| 000 | 00778nam a2200229 i 4500 | ||
|---|---|---|---|
| 003 | DO-SdBNP | ||
| 005 | 20230427142753.0 | ||
| 007 | ta | ||
| 008 | 210722b 2018 dr a 00| 0 eng d | ||
| 020 | _a9789945092127 | ||
| 040 |
_aDO-SdBNP _bspa _cBNPHU _erda |
||
| 082 | 4 | _222 | |
| 100 | 1 |
_aRivera González, Camila, _d1992- _979345 |
|
| 245 | 1 | 0 |
_aDistintos tipos de muerte / _cCamila Rivera González ; ilustrado por Claudio Troisemme. |
| 264 |
_aSanto Domingo : _bMoñohecho, _c2018. |
||
| 300 |
_a[30] páginas : _bilustraciones ; _c18 cm. |
||
| 490 | 0 |
_aMoñohecho ; _v01 |
|
| 500 | _aIncluye datos biográficos de la autora en la solapa de la cubierta. | ||
| 590 | _aInventariado, 2021 /LP | ||
| 700 | 1 |
_aTroisemme, Claudio, _eilustración _979346 |
|
| 942 |
_2ddc _cLBS1 |
||
| 999 |
_c50159 _d50159 |
||